Interview Strategies That Lead to Job Offers / (Record no. 13657)
[ view plain ]
| 000 -LEADER | |
|---|---|
| fixed length control field | 01301cam a2200301 a 4500 |
| 001 - CONTROL NUMBER | |
| control field | 3562703 |
| 005 - DATE AND TIME OF LATEST TRANSACTION | |
| control field | 20060725202227.0 |
| 008 - FIXED-LENGTH DATA ELEMENTS--GENERAL INFORMATION | |
| fixed length control field | 980922s1999 nyua | 001 0 eng d |
| 010 ## - LIBRARY OF CONGRESS CONTROL NUMBER | |
| LC control number | 98045626 |
| 020 ## - INTERNATIONAL STANDARD BOOK NUMBER | |
| International Standard Book Number | 0764106848 |
| 040 ## - CATALOGING SOURCE | |
| Original cataloging agency | DLC |
| Transcribing agency | DLC |
| Modifying agency | DLC |
| 050 00 - LIBRARY OF CONGRESS CALL NUMBER | |
| Classification number | HF5549.5.I6 |
| Item number | P55 1999 |
| 082 00 - DEWEY DECIMAL CLASSIFICATION NUMBER | |
| Classification number | 650.14 |
| Edition number | 21 |
| Item number | PIN |
| 100 1# - MAIN ENTRY--PERSONAL NAME | |
| Personal name | Pincus, Marilyn. |
| 9 (RLIN) | 12585 |
| 245 10 - TITLE STATEMENT | |
| Title | Interview Strategies That Lead to Job Offers / |
| Statement of responsibility, etc | Marilyn Pincus ; illustrations by Deborah Zemke. |
| 260 ## - PUBLICATION, DISTRIBUTION, ETC. (IMPRINT) | |
| Place of publication, distribution, etc | Hauppauge, NY : |
| Name of publisher, distributor, etc | Barron's, |
| Date of publication, distribution, etc | c1999. |
| 300 ## - PHYSICAL DESCRIPTION | |
| Extent | viii, 136 p. : |
| Other physical details | ill. ; |
| Dimensions | 20 cm. |
| 490 ## - Series Statement | |
| Series statement | Barron's Educational Series ; |
| International Standard Serial Number | 0764106848 |
| 500 ## - GENERAL NOTE | |
| General note | "Barron's A Business Success Guide"--Cover. |
| 500 ## - GENERAL NOTE | |
| General note | Includes index. |
| 650 #0 - SUBJECT ADDED ENTRY--TOPICAL TERM | |
| Topical term or geographic name as entry element | Employment interviewing. |
| 9 (RLIN) | 12586 |
| 650 #0 - SUBJECT ADDED ENTRY--TOPICAL TERM | |
| Topical term or geographic name as entry element | Job hunting. |
| 9 (RLIN) | 12587 |
| 700 1# - ADDED ENTRY--PERSONAL NAME | |
| Personal name | Zemke, Deborah |
| 9 (RLIN) | 12588 |
| 856 42 - ELECTRONIC LOCATION AND ACCESS | |
| Materials specified | Publisher description |
| Uniform Resource Identifier | <a href="http://www.loc.gov/catdir/enhancements/fy0630/98045626-d.html">http://www.loc.gov/catdir/enhancements/fy0630/98045626-d.html</a> |
| 942 ## - ADDED ENTRY ELEMENTS (KOHA) | |
| Source of classification or shelving scheme | Dewey Decimal Classification |
| Item type | Book - Borrowing |
| Withdrawn status | Item status | Source of classification or shelving scheme | Damaged status | Not for loan | Vendor | Home library | Current library | Shelving location | Date acquired | Source of acquisition | Cost, normal purchase price | Serial Enumeration / chronology | Total Checkouts | Total Renewals | Full call number | Barcode | Date last seen | Date last borrowed | Koha item type |
|---|---|---|---|---|---|---|---|---|---|---|---|---|---|---|---|---|---|---|---|
| Dewey Decimal Classification | ILB | Central Library | Central Library | First floor | 14/03/2010 | 61.50 | 0314 | 3 | 4 | 650.14 PIN | 000019732 | 15/07/2025 | 06/03/2017 | Book - Borrowing |